000 00344 a2200157 4500
001 168762
020 _a
040 _cMagnum
100 _aFaraco & Moura
240 1 0 _aLingua e literatura - volume unico
_lpor
245 1 0 _aLingua e literatura - volume unico
362 0 _a1899
440 1 _aÁtica
697 _aGRAMATICA
942 _cBK
999 _c168762
_d168762